| 000 | 03165cam a22005297i 4500 | ||
|---|---|---|---|
| 001 | 17861802 | ||
| 003 | OSt | ||
| 005 | 20160901143804.0 | ||
| 008 | 130822t20142014maua 001 0 eng d | ||
| 010 | _a 2013948718 | ||
| 015 |
_aGBB371747 _2bnb |
||
| 016 | 7 |
_a016472732 _2Uk |
|
| 020 | _a9781285778884 | ||
| 020 | _a128577888X | ||
| 020 | _a1285779193 (electronic bk.) | ||
| 020 | _a9781285779195 (electronic bk.) | ||
| 035 | _a(OCoLC)ocn856193255 | ||
| 037 | _bCengage Learning Ptr, C/O Cengage Learning 10650 Toebben Dr, Independence, KY, USA, 41051 | ||
| 040 |
_aUKMGB _beng _cUKMGB _erda _dOCLCO _dBTCTA _dYDXCP _dNYP _dS4S _dCHVBK _dOCLCF _dCDX _dTOH _dDLC |
||
| 042 | _alccopycat | ||
| 050 | 0 | 0 |
_aHF5548.4.M523 _bR64 2014 |
| 082 | 0 | 4 |
_aDC 005.54 _223 _bR593 |
| 100 | 1 |
_aRockoff, Larry, _eauthor. |
|
| 245 | 1 | 0 |
_aMicrosoft Excel 2013 for the business analyst / _cLarry Rockoff. |
| 264 | 1 |
_aBoston, MA : _bCengage Learning PTR, _c[2014] |
|
| 264 | 4 | _c©2014 | |
| 300 |
_axiv, 401 pages : _billustrations ; _c23 cm |
||
| 336 |
_atext _2rdacontent |
||
| 337 |
_aunmediated _2rdamedia |
||
| 338 |
_avolume _2rdacarrier |
||
| 500 | _aIncludes index. | ||
| 520 | 8 |
_aAnnotation _bAs one of the most popular software tools in the world, Microsoft Excel is used by business analysts across the globe to keep track of details, look deeply into the data that drives business, and provide managers with the information and insights they need to keep their companies moving forward. MICROSOFT EXCEL 2013 FOR THE BUSINESS ANALYST is an introduction to Excel, written by a business analyst for business analysts. While providing a general overview of the features and functions of Excel, the book places special emphasis on helping users in the task of data analysis. The book begins with a conceptual overview and a discussion of Excel's main components--cells, worksheets, tables, pivot tables, and pivot charts. That material provides an understanding of how Excel summarizes data and paves the way for a detailed exploration of the software's formulas and functions. Written in an easy-to-grasp style, with plenty of helpful screenshots, MICROSOFT EXCEL 2013 FOR THE BUSINESS ANALYST is perfect for analysts who are new to Excel or experienced users who wish to learn more about Excel's business-analysis capabilities. |
|
| 630 | 0 | 0 | _aMicrosoft Excel (Computer file) |
| 630 | 0 | 7 |
_aMicrosoft Excel (Computer file) _2fast _0(OCoLC)fst01366659 |
| 650 | 0 |
_aElectronic spreadsheets _xComputer programs. |
|
| 650 | 7 |
_aElectronic spreadsheets _xComputer programs. _2fast _0(OCoLC)fst00907465 |
|
| 650 | 7 |
_aEXCEL 2013. _2gnd |
|
| 650 | 7 |
_aVisualisierung. _2gnd |
|
| 650 | 7 |
_aDatenanalyse. _2gnd |
|
| 856 | 4 | 1 |
_3Table of contents only _uhttp://www.loc.gov/catdir/enhancements/fy1506/2013948718-t.html |
| 856 | 4 | 2 |
_3Publisher description _uhttp://www.loc.gov/catdir/enhancements/fy1506/2013948718-d.html |
| 856 | 4 | 2 |
_3Contributor biographical information _uhttp://www.loc.gov/catdir/enhancements/fy1506/2013948718-b.html |
| 906 |
_a7 _bcbc _ccopycat _d2 _encip _f20 _gy-gencatlg |
||
| 942 |
_2ddc _cDC |
||
| 999 |
_c11 _d11 |
||